The dictionary of indoor plants in colour / (Record no. 135201)

MARC details
000 -LEADER
fixed length control field 00887nam a22002777a 4500
005 - DATE AND TIME OF LATEST TRANSACTION
control field 20170124110241.0
010 ## - LIBRARY OF CONGRESS CONTROL NUMBER
LC control number A-216153
020 ## - INTERNATIONAL STANDARD BOOK NUMBER
Terms of availability 00.00
International Standard Book Number 0907408095
035 ## - SYSTEM CONTROL NUMBER
System control number A-216153
037 ## - SOURCE OF ACQUISITION
Source of stock number/acquisition Cen Lib/Ret
040 ## - CATALOGING SOURCE
Original cataloging agency DPL
Language of cataloging EN
082 ## - DEWEY DECIMAL CLASSIFICATION NUMBER
Classification number 635
Item number HAY
100 ## - MAIN ENTRY--PERSONAL NAME
Personal name Hay, Roy
9 (RLIN) 95092
245 ## - TITLE STATEMENT
Title The dictionary of indoor plants in colour /
Statement of responsibility, etc by Roy Hay, F.R. McQuown G. [and] K. Beckett ; illustrated by Harry Smith
260 ## - PUBLICATION, DISTRIBUTION, ETC. (IMPRINT)
Name of publisher, distributor, etc London
Place of publication, distribution, etc Peerage Books
Date of publication, distribution, etc 1983
270 ## - ADDRESS
City London
Address 59 Grosvenor Street
300 ## - PHYSICAL DESCRIPTION
Extent 224p.
Dimensions 30cm(Hb)
Other physical details ill.
500 ## - GENERAL NOTE
General note inlcludes index
650 ## - SUBJECT ADDED ENTRY--TOPICAL TERM
Topical term or geographic name as entry element House plants -- Dictionaries.
9 (RLIN) 95093
650 ## - SUBJECT ADDED ENTRY--TOPICAL TERM
Topical term or geographic name as entry element House plants -- Pictorial works.
9 (RLIN) 95094
700 ## - ADDED ENTRY--PERSONAL NAME
Personal name G, F.R. mcQuwn
9 (RLIN) 95095
700 ## - ADDED ENTRY--PERSONAL NAME
Personal name Beckeet, K.
9 (RLIN) 95096
700 ## - ADDED ENTRY--PERSONAL NAME
Personal name Crowson, Ernest
9 (RLIN) 95097
700 ## - ADDED ENTRY--PERSONAL NAME
Personal name Smith, Harry
9 (RLIN) 95098
942 ## - ADDED ENTRY ELEMENTS (KOHA)
Source of classification or shelving scheme Dewey Decimal Classification
Koha item type English Books
Classification part 635
Call number suffix HAY
Holdings
Withdrawn status Lost status Damaged status Not for loan Collection code Home library Current library Date acquired Source of acquisition Cost, normal purchase price Total Checkouts Full call number Barcode Date last seen Copy number Cost, replacement price Price effective from Koha item type
      Not For Loan Reference Central Library Central Library 03/10/2015 Cen Lib/Ret 0.00   635 HAY A-216153 03/10/2015 1 0.00 03/10/2015 English Books

© Delhi Public Library
Hit Counter
free hit counter